FDI and human capital <a> research agenda
Guardado en:
| Autor principal: | |
|---|---|
| Otros Autores: | |
| Formato: | Libro |
| Lenguaje: | inglés |
| Publicado: |
Paris
OECD
2002
|
| Colección: | Technical papers
No. 195 |
| Materias: | |
| Etiquetas: |
Sin Etiquetas, Sea el primero en etiquetar este registro!
|
MARC
| LEADER | 00000nam a2200000 4500 | ||
|---|---|---|---|
| 001 | c142205 | ||
| 005 | 20221124094458.4 | ||
| 041 | 0 | |a eng | |
| 044 | |a FR | ||
| 245 | 1 | 0 | |a FDI and human capital |b <a> research agenda |c by Magnus Blomström and Ari Kokko |
| 264 | 1 | |a Paris |b OECD |c 2002 | |
| 300 | |a 34 s. | ||
| 490 | 1 | |a Technical papers |v No. 195 | |
| 830 | 0 | |a Technical papers |v No. 195 | |
| 610 | 2 | 0 | |a investície priame zahraničné |
| 610 | 2 | 0 | |a kapitál ľudský |
| 610 | 2 | 0 | |a výskum |
| 610 | 2 | 0 | |a rast hospodársky |
| 610 | 2 | 0 | |a pokrok technický |
| 610 | 2 | 0 | |a modely rastu |
| 610 | 2 | 0 | |a pokrok technologický |
| 610 | 2 | 0 | |a štúdie |
| 610 | 2 | 0 | |a svet |
| 610 | 2 | 0 | |a OECD |
| 100 | 1 | |a Blomström, Magnus | |
| 700 | 1 | |a Kokko, Ari | |